| 000 | 00730nam a2200241 4500 | ||
|---|---|---|---|
| 003 | OSt | ||
| 005 | 20260530113917.0 | ||
| 008 | 260508b1997 |||ao||| |||| 00| 0 spa d | ||
| 020 | _a9687377380 | ||
| 040 |
_aICI _bspa _cICI _erda |
||
| 050 |
_aN6550 _bM46 |
||
| 100 | _eautor | ||
| 245 |
_aMemoria gráfica: _bAcciones y obras: Querétaro 1991-1997 |
||
| 264 |
_aMéxico _bGobierno del Estado de Querétaro _c1997 |
||
| 300 |
_a215 páginas: _bilustraciones |
||
| 336 |
_2rdacontent _atexto |
||
| 337 |
_2rdamedia _asin medio |
||
| 338 |
_2rdacarrier _avolumen |
||
| 650 |
_aArte mexicano _ySiglo XX _94500 |
||
| 650 |
_aDiseño gráfico _zMéxico _934172 |
||
| 650 |
_aPolítica cultural _zMéxico _934173 |
||
| 942 |
_2lcc _n1 _cBK |
||
| 999 |
_c12313 _d12313 |
||